№ 394 : Геоморфология и новейшая тектоника: сборник статей; Ученые записки [Ленинградского государственного университета]

Bibliographische Detailangaben
Parent link:Ученые записки [Ленинградского государственного университета]: сборник статей/ Ленинградский государственный университет (ЛГУ). № 394 : Геоморфология и новейшая тектоника.— , 1937-1977
Körperschaft: Ленинградский государственный университет (ЛГУ) Географический факультет
Weitere Verfasser: Рюмин А. К. (редактор), Сваричевская З. А.
Sprache:Russisch
Veröffentlicht: 1978
Schriftenreihe:Серия географических наук Вып. 26
Schlagworte:
Format: Buch
KOHA link:https://koha.lib.tpu.ru/cgi-bin/koha/opac-detail.pl?biblionumber=350461

MARC

LEADER 00000nam2a2200000 4500
001 350461
005 20231102010314.0
035 |a (RuTPU)RU\TPU\retro\4579 
035 |a RU\TPU\book\302790 
090 |a 350461 
100 |a 20190205d1978 k y0rusy50 ca 
101 0 |a rus 
102 |a RU 
105 |a a z 001zy 
200 0 |a № 394 : Геоморфология и новейшая тектоника  |e сборник статей  |f Ленинградский государственный университет (ЛГУ), Географический факультет ; отв. ред. А. К. Рюмин , З. А. Сваричевская 
210 |d 1978 
215 |a 173 с.  |c ил. 
225 1 |a Серия географических наук  |v Вып. 26 
320 |a Библиогр. в конце ст. 
461 1 |0 (RuTPU)RU\TPU\book\347780  |t Ученые записки [Ленинградского государственного университета]  |o сборник статей  |f Ленинградский государственный университет (ЛГУ)  |v № 394 : Геоморфология и новейшая тектоника  |d 1937-1977 
606 1 |a География  |2 stltpush  |3 (RuTPU)RU\TPU\subj\5918  |9 33902 
606 1 |a Геоморфология  |2 stltpush  |3 (RuTPU)RU\TPU\subj\6207  |9 34142 
606 1 |a Тектоника  |2 stltpush  |3 (RuTPU)RU\TPU\subj\58770  |9 76521 
610 1 |a планетарная трещиноватость 
610 1 |a горообразование 
610 1 |a рифтогенез 
610 1 |a тектогенез 
610 1 |a ЭВМ 
610 1 |a СССР 
610 1 |a Юго-Восточная Монголия 
610 1 |a обработка результатов 
610 1 |a Казахстан 
610 1 |a Черский хребет 
610 1 |a Псковско-Чудская котловина 
610 1 |a Байкальская рифтовая зона 
675 |a 91  |v 4 
675 |a 551.4  |v 4 
675 |a 551.24  |v 4 
702 1 |a Рюмин  |b А. К.  |4 340 
702 1 |a Сваричевская  |b З. А.  |4 340 
712 0 2 |a Ленинградский государственный университет (ЛГУ)  |b Географический факультет  |c (1924-1991)  |2 stltpush  |3 (RuTPU)RU\TPU\col\77 
801 1 |a RU  |b 63413507  |c 20141219 
801 2 |a RU  |b 63413507  |c 20190209  |g RCR 
942 |c BK